NCAA Division I FCS Football Teams - Statistics

General Stats
  • This quiz has been taken 141 times
    99 since last reset
  • The average score is 86 of 128
Answer Stats
Conference Team % Correct
Big Sky Montana Grizzlies
93%
Big Sky Montana State Bobcats
93%
Ivy League Harvard Crimson
91%
Big Sky Idaho Vandals
89%
MVFC North Dakota State Bison
89%
Big Sky Northern Arizona Lumberjacks
89%
Ivy League Penn Quakers
89%
Big Sky Portland State Vikings
89%
Ivy League Princeton Tigers
89%
Big Sky Sacramento State Hornets
89%
MVFC South Dakota Coyotes
89%
MVFC North Dakota Fighting Hawks
88%
Big Sky UC Davis Aggies
88%
Big Sky Eastern Washington Eagles
86%
Big Sky Idaho State Bengals
86%
MVFC South Dakota State Jackrabbits
86%
SWAC Southern Jaguars
86%
Ivy League Yale Bulldogs
84%
Ivy League Brown Bears
82%
Ivy League Cornell Big Red
82%
Ivy League Dartmouth Big Green
82%
Big Sky Northern Colorado Bears
82%
CAA Albany Great Danes
80%
Ivy League Columbia Lions
80%
CAA Richmond Spiders
80%
Big South-OVC UT Martin Skyhawks
80%
MVFC Youngstown State Penguins
80%
CAA Delaware Fightin' Blue Hens
79%
MVFC Missouri State Bears
79%
CAA Towson Tigers
79%
CAA Villanova Wildcats
79%
PFL Dayton Flyers
77%
CAA Elon Phoenix
77%
CAA Hampton Pirates
77%
MVFC Murray State Racers
77%
MEAC South Carolina State Bulldogs
77%
Big Sky Cal Poly Mustangs
75%
MVFC Indiana State Sycamores
75%
MEAC Norfolk State Spartans
75%
MVFC Northern Iowa Panthers
75%
PFL San Diego Toreros
75%
CAA Stony Brook Seawolves
75%
SoCon Chattanooga Mocs
73%
MEAC Delaware State Hornets
73%
MVFC Illinois State Redbirds
73%
CAA Rhode Island Rams
73%
Big South-OVC Tennessee Tech Golden Eagles
73%
SWAC Arkansas-Pine Bluff Golden Lions
71%
PFL Davidson Wildcats
71%
CAA Maine Black Bears
71%
PFL Morehead State Eagles
71%
Big South-OVC Southeast Missouri State Redhawks
71%
MVFC Southern Illinois Salukis
71%
PFL Valparaiso Beacons
71%
Big Sky Weber State Wildcats
71%
SoCon East Tennessee State Buccaneers
70%
MEAC Howard Bison
70%
CAA New Hampshire Wildcats
70%
Big South-OVC Tennessee State Tigers
70%
Big South-OVC Western Illinois Leathernecks
70%
UAC Abilene Christian Wildcats
68%
SWAC Florida A&M Rattlers
68%
Patriot League Georgetown Hoyas
68%
SWAC Grambling Tigers
68%
SWAC Alabama State Hornets
66%
Big South-OVC Charleston Southern Buccaneers
66%
Big South-OVC Eastern Illinois Panthers
66%
SWAC Jackson State Tigers
66%
UAC Utah Tech Trailblazers
66%
CAA Bryant Bulldogs
64%
Southland Texas A&M-Commerce Lions
64%
SWAC Texas Southern Tigers
64%
SWAC Alabama A&M Bulldogs
63%
UAC Central Arkansas Bears
63%
PFL Drake Bulldogs
63%
Patriot League Fordham Rams
63%
Southland McNeese Cowboys
63%
SWAC Prairie View A&M Panthers
63%
CAA William & Mary Tribe
63%
Patriot League Colgate Raiders
61%
Southland Houston Christian Huskies
61%
UAC Southern Utah Thunderbirds
61%
UAC Stephen F. Austin Lumberjacks
61%
SoCon Western Carolina Catamounts
61%
SWAC Bethune-Cookman Wildcats
59%
NEC Central Connecticut Blue Devils
59%
Southland Incarnate Word Cardinals
59%
Southland Lamar Cardinals
59%
Patriot League Lehigh Mountain Hawks
59%
Southland Nicholls Colonels
59%
CAA North Carolina A&T Aggies
59%
Southland Southeastern Louisiana Lions
59%
Patriot League Bucknell Bison
57%
CAA Campbell Fighting Camels
57%
Patriot League Holy Cross Crusaders
57%
Southland Northwestern State Demons
57%
PFL Stetson Hatters
57%
SoCon VMI Keydets
57%
SWAC Alcorn State Braves
55%
UAC Eastern Kentucky Colonels
55%
UAC North Alabama Lions
55%
PFL St. Thomas Tommies
55%
PFL Butler Bulldogs
54%
Patriot League Lafayette Leopards
54%
Big South-OVC Lindenwood Lions
54%
SoCon Mercer Bears
54%
CAA Monmouth Hawks
54%
SoCon The Citadel Bulldogs
54%
NEC Duquesne Dukes
52%
Big South-OVC Gardner-Webb Runnin' Bulldogs
52%
MEAC North Carolina Central Eagles
52%
SoCon Samford Bulldogs
52%
UAC Tarleton Texans
52%
NEC Wagner Seahawks
52%
UAC Austin Peay Governors
50%
SWAC Mississippi Valley State Delta Devils
50%
Independent Sacred Heart Pioneers
50%
SoCon Furman Paladins
48%
PFL Presbyterian Blue Hose
48%
NEC St. Francis Red Flash
48%
SoCon Wofford Terriers
48%
MEAC Morgan State Bears
46%
NEC Merrimack Warriors
45%
NEC Robert Morris Colonials
45%
PFL Marist Red Foxes
43%
UAC West Georgia Wolves
39%
NEC Stonehill Skyhawks
36%
NEC LIU Sharks
34%
No matching quizzes found
Score Distribution
Percent of People with Each Score
Percentile by Number Answered
Your Score History
You have not taken this quiz since the last reset